|
|
|
|
| LEADER |
00000nam a22000007a 4500 |
| 005 |
20130222112900.0 |
| 007 |
cr|||| |||| |
| 008 |
130222e2004 sp |||||s|||| 00||0 spa d |
| 020 |
|
|
|a 978-84-9031-182-097
|
| 035 |
|
|
|a 7041
|
| 040 |
|
|
|a vLex
|
| 090 |
|
|
|c 3722
|d 3722
|
| 100 |
1 |
0 |
|a Medina Alcoz, Mara̕
|
| 245 |
1 |
3 |
|a La asuncin̤ del riesgo por parte de la vc̕tima
|b Riesgos taurinos y deportivos
|h [Recurso electrn̤ico]
|
| 256 |
|
|
|a Servicio en ln̕ea
|
| 260 |
|
|
|a Madrid :
|b Dykinson,
|c 2004
|
| 300 |
|
|
|a 1 Recurso electrn̤ico
|
| 650 |
0 |
4 |
|a c
|
| 650 |
0 |
4 |
|a Espectc̀ulos deportivos
|
| 650 |
0 |
4 |
|a Derecho civil
|
| 740 |
|
|
|a vLex Libros (Servicio en ln̕ea)
|
| 856 |
|
|
|a Acceso restringido
|u http://www.vlex.com/source/7041
|
| 942 |
|
|
|c BOOK
|